Testo di "Fischia il Vento" - Statistics

Statistiche generali
  • Questo quiz è stato fatto 36 volte
  • Il punteggio medio è 90 su 144
Statistiche sulle risposte
Risposta % Corretto
Fischia
100%
il
100%
la
100%
vento
100%
a
93%
e
93%
è
93%
bufera
90%
dal
86%
del
86%
andar
83%
primavera
83%
rossa
83%
sol
83%
conquistare
79%
rotte
76%
scarpe
76%
bisogna
72%
infuria
72%
dell'avvenir
66%
dove
66%
eppur
66%
sorge
66%
lo
59%
fascista
55%
le
55%
traditor
55%
vile
55%
sorte
52%
dura
48%
Ogni
48%
ogni
48%
Partigian
48%
patria
48%
bandiera
45%
donna
45%
forte
45%
morte
45%
nel
45%
ribelle
45%
calma
41%
ci
41%
crudele
41%
dona
41%
lui
41%
nella
41%
Se
41%
sospir
41%
un
41%
vendetta
41%
al
38%
guidano
38%
notte
38%
ormai
38%
sicura
38%
stelle
38%
sua
38%
torna
38%
casa
34%
Cessa
34%
colpir
34%
cuore
34%
fiero
34%
fin
34%
siam
34%
braccio
31%
coglie
31%
contrada
31%
liberi
31%
sventolando
31%
vittoriosi
31%
verrà
28%
già
24%
Nessun quiz corrispondente trovato
Distribuzione punteggi
Percentuale di utenti per punteggio
Percentile per numero di risposta
I tuoi punteggi nel tempo
Non hai fatto questo quiz